Kemahiran memimpin / (Record no. 3666)
[ view plain ]
| 000 -LEADER | |
|---|---|
| fixed length control field | nam a22 a 4500 |
| 003 - CONTROL NUMBER IDENTIFIER | |
| control field | AKMAL |
| 005 - DATE AND TIME OF LATEST TRANSACTION | |
| control field | 20170523145233.0 |
| 008 - FIXED-LENGTH DATA ELEMENTS--GENERAL INFORMATION | |
| fixed length control field | 170523s20072006my e 001 0 may d |
| 020 ## - INTERNATIONAL STANDARD BOOK NUMBER | |
| International Standard Book Number | 9833376274 (kkt.) : |
| Terms of availability | RM20.00 |
| 082 04 - DEWEY DECIMAL CLASSIFICATION NUMBER | |
| Classification number | 658.4092 ZAI |
| Edition number | 22 |
| 090 00 - LOCALLY ASSIGNED LC-TYPE CALL NUMBER (OCLC); LOCAL CALL NUMBER (RLIN) | |
| Classification number (OCLC) (R) ; Classification number, CALL (RLIN) (NR) | 658.4092 |
| Local cutter number (OCLC) ; Book number/undivided call number, CALL (RLIN) | ZAI |
| 100 0# - MAIN ENTRY--PERSONAL NAME | |
| Personal name | Zainuddin Zakaria |
| 9 (RLIN) | 7250 |
| 245 10 - TITLE STATEMENT | |
| Title | Kemahiran memimpin / |
| Statement of responsibility, etc. | Zainuddin b. Zakaria, Ziadatul Hidayah bt. Zakaria |
| 260 ## - PUBLICATION, DISTRIBUTION, ETC. | |
| Place of publication, distribution, etc. | Kuala Lumpur : |
| Name of publisher, distributor, etc. | PTS Professional Pub., |
| Date of publication, distribution, etc. | 2006 [reprinted 2007] |
| 300 ## - PHYSICAL DESCRIPTION | |
| Extent | 136ms. ; |
| Dimensions | 23cm. |
| 490 1# - SERIES STATEMENT | |
| Series statement | Siri fast track |
| 500 ## - GENERAL NOTE | |
| General note | Mengandungi indeks |
| 504 ## - BIBLIOGRAPHY, ETC. NOTE | |
| Bibliography, etc. note | Bibliografi: ms. 133-134 |
| 650 10 - SUBJECT ADDED ENTRY--TOPICAL TERM | |
| Topical term or geographic name entry element | Leadership |
| 9 (RLIN) | 120 |
| 700 0# - ADDED ENTRY--PERSONAL NAME | |
| Personal name | Ziadatul Hidayah Zakaria |
| 9 (RLIN) | 7251 |
| 830 #0 - SERIES ADDED ENTRY--UNIFORM TITLE | |
| Uniform title | Siri fast track |
| 9 (RLIN) | 7252 |
| 856 4# - ELECTRONIC LOCATION AND ACCESS | |
| Uniform Resource Identifier | http://pts.com.my/index.php/buku/309/ |
| Link text | Kulit Depan, Ringkasan & Isi Kandungan |
| 942 ## - ADDED ENTRY ELEMENTS (KOHA) | |
| Source of classification or shelving scheme | |
| Koha item type | Book |
| Withdrawn status | Lost status | Source of classification or shelving scheme | Damaged status | Not for loan | Collection code | Home library | Current library | Shelving location | Date acquired | Inventory number | Total Checkouts | Full call number | Barcode | Date last seen | Price effective from | Koha item type |
|---|---|---|---|---|---|---|---|---|---|---|---|---|---|---|---|---|
| NON-FICTION | AKMAL Melaka | AKMAL Melaka | PINJAMAN | 23.05.2017 | 602692 | 658.4092 ZAI | 201704500 | 23.05.2017 | 23.05.2017 | Book |
